[Event "Santo Domingo op"]
[Site "Santo Domingo"]
[Date "2010.06.03"]
[Round "2"]
[White "Santos, Genesis"]
[Black "Abreu, Jorge D"]
[Result "1-0"]
[WhiteElo "2116"]
[BlackElo "2385"]
[PlyCount "49"]
[EventDate "2010.06.02"]
[EventType "swiss"]
[EventRounds "9"]
[EventCountry "DOM"]
[SourceTitle "EXT 2011"]
[Source "ChessBase"]
[SourceDate "2010.11.26"]
[SourceVersion "1"]
[SourceVersionDate "2010.11.26"]
[SourceQuality "1"]

1. e4 c5 2. Nf3 d6 3. d4 cxd4 4. Nxd4 Nf6 5. Nc3 a6 6. Bg5 Nbd7 7. Bc4 Qc7 8. Bb3 g6 9. Qd2 Bg7 10. 0-0-0 b5 11. f4 Bb7 12. Rhe1 Nc5 13. e5 Nxb3+ 14. axb3 dxe5 15. fxe5 Ng4 16. Qe2 Nxe5 17. Kb1 Bc8 18. Nd5 Qb7 19. Nf3 Bg4 20. Bxe7 Rc8 21. Bf6 0-0 22. Qxe5 Rfe8 23. Qxe8+ Rxe8 24. Rxe8+ Bf8 25. Ne7+ 1-0

[Event "Santo Domingo op"]
[Site "Santo Domingo"]
[Date "2010.06.02"]
[Round "1"]
[White "Smith, Bryan G"]
[Black "Santos, Genesis"]
[Result "1-0"]
[WhiteElo "2468"]
[BlackElo "2116"]
[PlyCount "68"]
[EventDate "2010.06.02"]
[EventType "swiss"]
[EventRounds "9"]
[EventCountry "DOM"]
[SourceTitle "EXT 2011"]
[Source "ChessBase"]
[SourceDate "2010.11.26"]
[SourceVersion "1"]
[SourceVersionDate "2010.11.26"]
[SourceQuality "1"]

1. e4 c5 2. Nf3 Nc6 3. d4 cxd4 4. Nxd4 Nf6 5. Nc3 d6 6. Bg5 e5 7. Nf5 Bxf5 8. exf5 Be7 9. Bc4 0-0 10. 0-0 Nd4 11. Bxf6 Bxf6 12. Qd3 Rc8 13. Bb3 Re8 14. Rad1 a6 15. Nd5 Nxb3 16. Qxb3 b5 17. c3 e4 18. Qa3 Ra8 19. Rfe1 Re5 20. Ne3 d5 21. Qb3 Qe8 22. Rxd5 Re7 23. Rdd1 Re5 24. Qb4 Be7 25. Qd4 Bc5 26. Qd7 Re7 27. Qxe8+ Raxe8 28. f6 Re6 29. fxg7 Kxg7 30. Rd7 Kg6 31. Nd5 Re5 32. b4 e3 33. f4 R5e7 34. Rxe7 Rxe7 1-0